01040 a2200205 4500003000500000005001700005010001600022020001700038040000900055082001100064100001600075245009600091250001200187260004200199300003600241500005300277505044200330538002800772650003400800Nust20170207153547.0 a 90062866 a0672484692 : cNust00a005.431 aSmith, Ben.10aUNIX step-by-step /cBen Smith ; consulting editors, Stephen G. Kochan and Patrick H. Wood. a1st ed. aCarmel, IN :bHoward W. Sams,cc1990. axviii, 442 p. :bill. ;c24 cm. a"Covers AT&T system V through Release 4"--Cover. aIntroduction To UNIX (Page-1), Getting Started (Page-15), User Interfaces (Page-29), Files (Page-51), The Standard Editor (Page-101), Editing With Emacs (Page-139), Processes (Page-165), A Collection Of Utilities (Page-195), Networks, File Transfers And Comm. (Page-233), Advanced Utilities (Page-265), Basic Shell Scripts And The Shell Environment (Page-299), Advanced Shell Scripts (Page-329), Programming The Other Shells (Page-359). aAlmirah No.7 Shelf No.5 0aOperating systems (Computers)